LEADER 03097nam 22004813a 450 001 9910861956003321 005 20250203232522.0 010 $a9783732868469 010 $a373286846X 035 $a(CKB)31435398200041 035 $a(MiAaPQ)EBC31281507 035 $a(ScCtBLL)1084d8dc-eb4e-4efd-9bb2-7a892ff6cd22 035 $a(Perlego)4324249 035 $a(Exl-AI)31281507 035 $a(Au-PeEL)EBL31281507 035 $a(OCoLC)1432159710 035 $a(EXLCZ)9931435398200041 100 $a20250203i20242024 uu 101 0 $ager 135 $aur||||||||||| 181 $ctxt$2rdacontent 182 $cc$2rdamedia 183 $acr$2rdacarrier 200 00$aFriedensethik der Zukunft : $eZugänge, Perspektiven und aktuelle Herausforderungen /$fAlois Halbmayr 205 $a1st ed. 210 1$a[s.l.] :$ctranscript Verlag,$d2024. 215 $a1 online resource 225 0 $aEdition Politik Series 311 08$a9783837668469 311 08$a3837668460 327 $aCover -- Inhalt -- Vorwort -- Zugänge -- Wege aus dem Dunkel des Krieges? -- Ästhetische Wahrnehmung von Krieg und Frieden -- Was nehmen wir wahr, wenn wir uns »im Krieg« befinden? -- »Was ist Wahrheit?« -- Tastende Schritte hin zu einer Ästhetik des Friedens -- Ästhetische Medien von Friedenswahrnehmung -- Literatur -- Dokumente -- »Er muss also gestiftet werden?« -- Kriegs? und Gewalterfahrungen als treibende Kräfte des Strebens nach Frieden -- Was meint Frieden? Begriffsgeschichtliche Überlegungen -- Ist die Lehre vom gerechten Krieg überholt? -- Gerechter Friede als neue Leitidee -- Bedarf die christliche Friedensethik einer Revision? -- Herausforderungen und Desiderate -- Literatur -- Dokumente -- Perspektiven -- Menschenrechte, Theologie und Kirchen -- Preis und Würde -- Freiheit und Gleichheit -- Probleme mit der Gleichheit -- Berechtigte und Verpflichtete -- Recht auf Frieden? -- Literatur -- Dokumente$7Generated by AI. 330 $aDie Zukunft der Friedensethik steht auf dem Spiel: Der Krieg in Europa und asymmetrische Konflikte weltweit bringen das Konzept in Bedrängnis. Die Beiträger*innen stellen sich dieser Herausforderung und entwickeln Entwürfe für ein positives und umfassend formuliertes Friedensverständnis. Sie beleuchten verschiedene Zugänge sowie die gegenwärtige Entwicklung der Friedensethik und diskutieren aktuelle Probleme. Anhand des Israel-Palästina-Konflikts, des Kriegs in der Ukraine, der europäischen Asyl- und Migrationspolitik sowie konkreter Praktiken der regionalen Friedensarbeit im deutschsprachigen Raum wird deutlich: Eine neue Friedensethik ist nötig und möglich. 606 $aPolitical Science / Peace$2bisacsh 606 $aPolitical science 615 7$aPolitical Science / Peace 615 0$aPolitical science. 702 $aHalbmayr$b Alois 801 0$bScCtBLL 801 1$bScCtBLL 906 $aBOOK 912 $a9910861956003321 996 $aFriedensethik der Zukunft$94155819 997 $aUNINA